Clinical chemistry: (Record no. 368763)
[ view plain ]
| 000 -LEADER | |
|---|---|
| fixed length control field | 00872nam a22002657a 4500 |
| 003 - CONTROL NUMBER IDENTIFIER | |
| control field | 0 |
| 005 - DATE AND TIME OF LATEST TRANSACTION | |
| control field | 20260124141234.0 |
| 008 - FIXED-LENGTH DATA ELEMENTS--GENERAL INFORMATION | |
| fixed length control field | 260124b xxu||||| |||| 00| 0 eng d |
| 020 ## - INTERNATIONAL STANDARD BOOK NUMBER | |
| International Standard Book Number | 9781284238860 |
| 050 ## - LIBRARY OF CONGRESS CALL NUMBER | |
| Classification number | RB 40 |
| Item number | .C55 2023 |
| 245 ## - TITLE STATEMENT | |
| Title | Clinical chemistry: |
| Remainder of title | principles, techniques, and correlations |
| Statement of responsibility, etc | Michael L. Bishop [and four others] |
| 250 ## - EDITION STATEMENT | |
| Edition statement | Ninth edition |
| 260 ## - PUBLICATION, DISTRIBUTION, ETC. (IMPRINT) | |
| Place of publication, distribution, etc | Burlington, MA : |
| Name of publisher, distributor, etc | Jones & Barlett Learning ; |
| Date of publication, distribution, etc | 2023 |
| 300 ## - PHYSICAL DESCRIPTION | |
| Extent | xvi, 821 pages : |
| Other physical details | colored illustrations and photos ; |
| Dimensions | 28cm. |
| 504 ## - BIBLIOGRAPHY, ETC. NOTE | |
| Bibliography, etc | Includes appendices, glossary and index. |
| 650 ## - SUBJECT ADDED ENTRY--TOPICAL TERM | |
| Topical term or geographic name as entry element | Clinical chemistry. |
| 650 ## - SUBJECT ADDED ENTRY--TOPICAL TERM | |
| Topical term or geographic name as entry element | Medical chemistry. |
| 650 ## - SUBJECT ADDED ENTRY--TOPICAL TERM | |
| Topical term or geographic name as entry element | Pathological chemistry. |
| 700 ## - ADDED ENTRY--PERSONAL NAME | |
| Personal name | Bishop, Michael L. |
| 700 ## - ADDED ENTRY--PERSONAL NAME | |
| Personal name | Fody, Edward. |
| 700 ## - ADDED ENTRY--PERSONAL NAME | |
| Personal name | Siclean, Carleen Van. |
| 700 ## - ADDED ENTRY--PERSONAL NAME | |
| Personal name | Mistler, James March. |
| 700 ## - ADDED ENTRY--PERSONAL NAME | |
| Personal name | Moy, Michelle. |
| 942 ## - ADDED ENTRY ELEMENTS (KOHA) | |
| Source of classification or shelving scheme | Library of Congress Classification |
| Koha item type | Books |
| Withdrawn status | Lost status | Source of classification or shelving scheme | Damaged status | Home library | Current library | Shelving location | Date acquired | Source of acquisition | Sub Shelving location | Total Checkouts | Full call number | Barcode | Date last seen | Price effective from | Koha item type |
|---|---|---|---|---|---|---|---|---|---|---|---|---|---|---|---|
| Library of Congress Classification | South SEED-LPDH College Library | South SEED-LPDH College Library | South SEED-LPDH College Section | 01/24/2026 | Library Fund | RB 40 .C55 2023 | SSLC1952 | 01/24/2026 | 01/24/2026 | Books |